书目信息 |
| 题名: |
文字.诠释.传统
|
|
| 作者: | 潘德荣 | |
| 分册: | ||
| 出版信息: | 上海 上海译文出版社 2003 |
|
| 页数: | 218页 | |
| 开本: | 20cm | |
| 丛书名: | ||
| 单 册: | ||
| 中图分类: | B089.2 | |
| 科图分类: | ||
| 主题词: | 哲学学派 , 哲学学派--研究 | |
| 电子资源: | ||
| ISBN: | 7-5327-3116-2 | |
| 000 | 00533nam0 2200193 450 | |
| 001 | 0728815141 | |
| 005 | 20070819080015.14 | |
| 010 | @a7-5327-3116-2@d¥21.00 | |
| 100 | @a20070819d km y0chiy0120 ea | |
| 101 | 0 | @achi |
| 200 | 1 | @a文字.诠释.传统@Awen zi.quan shi.chuan tong@f潘德荣@Fpan de rong |
| 210 | @a上海@c上海译文出版社@d2003 | |
| 215 | @a218页@d20cm | |
| 606 | 0 | @a哲学学派 |
| 606 | 0 | @a哲学学派@x研究 |
| 690 | @aB089.2@v3 | |
| 701 | 0 | @a潘德荣@Apan de rong |
| 801 | 0 | @aCN@bPFT@c20070819 |
| 905 | @a213230@dB089.2@eZW6@f1 | |
| 文字.诠释.传统/潘德荣.-上海:上海译文出版社,2003 |
| 218页;20cm |
| ISBN 7-5327-3116-2:¥21.00 |
| ● |
| 相关链接 |
|
|
|
|
正题名:文字·诠释·传统
索取号:B089.2/ZW6
 
预约/预借
| 序号 | 登录号 | 条形码 | 馆藏地/架位号 | 状态 | 备注 |
| 1 | 7600780 | 276007802 | 密集书库-文学院/ [索取号:B089.2/ZW6] | 在馆 |